Sustaining the diversity of birds : (Record no. 14474)
[ view plain ]
| 000 -LEADER | |
|---|---|
| fixed length control field | 01067cam a2200301 a 4500 |
| 001 - CONTROL NUMBER | |
| control field | 13074048 |
| 005 - DATE AND TIME OF LATEST TRANSACTION | |
| control field | 20170726094347.0 |
| 007 - PHYSICAL DESCRIPTION FIXED FIELD--GENERAL INFORMATION | |
| fixed length control field | 000 |
| 008 - FIXED-LENGTH DATA ELEMENTS--GENERAL INFORMATION | |
| fixed length control field | 000 |
| 010 ## - LIBRARY OF CONGRESS CONTROL NUMBER | |
| LC control number | 2002375042 |
| 020 ## - INTERNATIONAL STANDARD BOOK NUMBER | |
| International Standard Book Number | 9966410724 |
| 035 ## - SYSTEM CONTROL NUMBER | |
| System control number | (DLC) 2002375042 |
| 040 ## - CATALOGING SOURCE | |
| Original cataloging agency | UOEL |
| Transcribing agency | DLC |
| Modifying agency | DLC |
| 042 ## - AUTHENTICATION CODE | |
| Authentication code | lcode |
| 050 00 - LIBRARY OF CONGRESS CALL NUMBER | |
| Classification number | QL692 |
| Item number | .B83 1993 |
| 082 00 - DEWEY DECIMAL CLASSIFICATION NUMBER | |
| Classification number | 333.95/8 |
| Edition number | 22 |
| 100 1# - MAIN ENTRY--PERSONAL NAME | |
| Personal name | Buffington, John D. |
| 245 10 - TITLE STATEMENT | |
| Title | Sustaining the diversity of birds : |
| Remainder of title | intercontinental experiences / |
| Statement of responsibility, etc | John D. Buffington and Donald E. MacLauchlan. |
| 260 ## - PUBLICATION, DISTRIBUTION, ETC. (IMPRINT) | |
| Place of publication, distribution, etc | Nairobi, Kenya : |
| Name of publisher, distributor, etc | ACTS Press, African Centre for Technology Studies ; |
| Place of publication, distribution, etc | Maastricht, The Netherlands : |
| Name of publisher, distributor, etc | ACTS Biopolicy Institute, |
| Date of publication, distribution, etc | 1993. |
| 300 ## - PHYSICAL DESCRIPTION | |
| Extent | vii, 32 p. : |
| Other physical details | ill. ; |
| Dimensions | 21 cm. |
| 440 #0 - SERIES STATEMENT/ADDED ENTRY--TITLE | |
| Title | Biopolicy international series ; |
| Volume number/sequential designation | no. 15 |
| 504 ## - BIBLIOGRAPHY, ETC. NOTE | |
| Bibliography, etc | Includes bibliographical references (p. 31-32). |
| 650 #0 - SUBJECT ADDED ENTRY--TOPICAL TERM | |
| Topical term or geographic name as entry element | Birds |
| General subdivision | Conservation. |
| 700 1# - ADDED ENTRY--PERSONAL NAME | |
| Personal name | MacLauchlan, Donald E. |
| 906 ## - LOCAL DATA ELEMENT F, LDF (RLIN) | |
| a | 7 |
| b | cbc |
| c | origode |
| d | 3 |
| e | ncip |
| f | 20 |
| g | y-gencatlg |
| 942 ## - ADDED ENTRY ELEMENTS (KOHA) | |
| Source of classification or shelving scheme | Library of Congress Classification |
| Item type | SES Book |
| Withdrawn status | Lost status | Source of classification or shelving scheme | Damaged status | Not for loan | Home library | Current library | Shelving location | Date acquired | Total Checkouts | Full call number | Barcode | Date last seen | Copy number | Price effective from | Koha item type |
|---|---|---|---|---|---|---|---|---|---|---|---|---|---|---|---|
| Library of Congress Classification | UOE Main Library | UOE Main Library | Open shelf | 26/07/2017 | QL692 .B83 1993 | 10036821 | 27/04/2026 | 10036821 | 26/07/2017 | SES Book | |||||
| Library of Congress Classification | UOE Main Library | UOE Main Library | Open shelf | 26/07/2017 | QL692 .B83 1993 | 20053258 | 27/04/2026 | 20053258 | 26/07/2017 | SES Book | |||||
| Library of Congress Classification | UOE Main Library | UOE Main Library | Open shelf | 26/07/2017 | QL692 .B83 1993 | 20053257 | 27/04/2026 | 20053257 | 26/07/2017 | SES Book | |||||
| Library of Congress Classification | UOE Main Library | UOE Main Library | Open shelf | 26/07/2017 | QL692 .B83 1993 | 10036822 | 27/04/2026 | 10036822 | 26/07/2017 | SES Book | |||||
| Library of Congress Classification | UOE Main Library | UOE Main Library | Open shelf | 26/07/2017 | QL692 .B83 1993 | 10036805 | 27/04/2026 | 10036805 | 26/07/2017 | SES Book | |||||
| Library of Congress Classification | UOE Main Library | UOE Main Library | Open shelf | 26/07/2017 | QL692 .B83 1993 | 20053225 | 27/04/2026 | 20053225 | 26/07/2017 | SES Book |
